000 01048na a2200289 4500
001 24509
003 MIRAKIL
005 20181226104234.0
008 181126b tu 000 0
020 _a9786058864108
041 _atur
082 _a370.7209561
_bK86 2010
090 _a370.7209561 K86 2010
111 _aKöy Enstitüleri Sempozyumu
_cKastamonu
_d14-17 Nisan 2010
245 _aKuruluşunun 70. Yılında Bir Toplumsal Değişim Projesi Olarak Köy Enstitüleri Sempozyumu, 14-17 Nisan 2010
_cyayına hazırlayanlar: Hülya Biçicioğlu, Berrin Güsroy, Hacer Hancı
246 _aKöy enstitüleri sempozyumu
260 _aKastamonu
_bKastamonu Üniversitesi
_c2010
300 _a1033 s.
_btbl. , fotğ.
_c24 sm.
650 _aKöy enstitüleri
_xToplantılar
650 _aEğitim
_xTürkiye
700 _aHancı, Hacer
_eyay. haz.
700 _aGürsor, Berrin
_eyay. haz.
700 _aBiçicioğlu, Hülya
_eyay. haz.
740 _aKöy enstitüleri sempozyumu
942 _2ddc
_cBKS
040 _aMilas
_btur
_cTR-AnCHP
999 _c11792
_d11792